| 000 | 01638nam0a2200373 4500 | ||
|---|---|---|---|
| 001 | RU\NLR\bibl\851739 | ||
| 005 | 20260406013005.0 | ||
| 010 |
_a5-98461-091-4 _9100 |
||
| 021 |
_aRU _b2005-26418 _91332 |
||
| 035 | _a(NLR Aleph) 000840488 | ||
| 090 |
_a1417312 _c1417312 |
||
| 100 | _a20051011d2005 |||y0rusy50 ca | ||
| 101 | 0 |
_arus _aeng |
|
| 102 | _aRU | ||
| 105 | _ay ||||||||| | ||
| 181 | 0 |
_ai _baxxe |
|
| 182 | 0 | _an | |
| 200 | 1 |
_aАспекты современной англоязычной культуры: личность, семья, общение _eучебно-методическое пособие по страноведению _fЕ. Ю. Ильинова _gМ-во образования и науки Рос. Федерации, Волгогр. гос. ун-т |
|
| 203 |
_aТекст _bвизуальный _cнепосредственный |
||
| 210 |
_aВолгоград _cВолгоградское научное изд-во _d2005 |
||
| 215 |
_a66 с. _d21 |
||
| 300 | _aТекст на англ. яз. | ||
| 320 | _aБиблиогр.: с. 66 | ||
| 606 | 1 |
_aАнглийский язык _jУчебные издания для высших учебных заведений _9972309 _3RU\NLR\auth\6646032 |
|
| 686 |
_aШ143.21-93рус3 _bД890(4Вл) |
||
| 686 |
_aШ143.21-93рус3 _bД890(7США) |
||
| 700 | 1 |
_4070 _7ca _8rus _aИльинова _bЕ. Ю. _gЕлена Юрьевна _9101387 _3RU\NLR\AUTH\77118462 |
|
| 801 | 0 |
_aRU _bNLR _c20051011 _grcr |
|
| 801 | 1 |
_aRU _bNLR _c20051011 |
|
| 830 | _aавт. по кн. | ||
| 942 | _cBOOK | ||
| 980 | _aNB | ||